Baby-Sitters Club Graphic Novels - Statistics

General Stats
  • This quiz has been taken 18 times
    2 since last reset
  • The average score is 8 of 18
Answer Stats
Picture Hint Answer % Correct
By Raina Telgemeier Kristy’s Great Idea
100%
By Gail Galligan Boy-Crazy Stacey
50%
By Raina Telgemeier Claudia and Mean Janine
50%
By Gabriela Epstein Claudia and the New Girl
50%
By Gale Galligan Dawn and the Impossible Three
50%
By Gabriela Epstein Good-Bye Stacey, Good-Bye
50%
By Chan Chau Jessi’s Secret Language
50%
By Chan Chau Kristy and the Snobs
50%
By Gale Galligan Kristy’s Big Day
50%
By Gale Galligan Logan Likes Mary Anne!
50%
By Arley Nopra Mallory and the Trouble with Twins
50%
By Raina Telgemeier Mary Anne Saves the Day
50%
By Cynthia Yuan Cheng Mary Anne’s Bad-Luck Mystery
50%
By Raina Telgemeier Truth About Stacey
50%
By Arley Nopra Claudia and the Bad Joke
0%
By Ellen T. Crenshaw Jessi Ramsey, pet-sitter
0%
By Ellen T. Crenshaw Kristy and the Walking Disaster
0%
By Ellen T. Crenshaw Stacey’s Mistake
0%
No matching quizzes found
Score Distribution
Percent of People with Each Score
Percentile by Number Answered
Your Score History
You have not taken this quiz since the last reset